| Tag |
First Indicator |
Second Indicator |
Subfields |
| LEADER |
00000cam a2200000 4500 |
| 001 |
in00000022382 |
| 005 |
20151007063953.0 |
| 008 |
741122s1927 nyu 00010 eng u |
| 010 |
|
|
|a 27018999
|
| 035 |
|
|
|a (OCoLC)01084123
|
| 035 |
|
|
|9 AAD8734AM
|
| 040 |
|
|
|c RIU
|d TXA
|d UtOrBLW
|
| 049 |
|
|
|a TXAM
|c [168940]
|
| 050 |
0 |
0 |
|a PS3527.A72
|b L3 1927
|
| 092 |
|
|
|a 814
|b N274
|
| 100 |
1 |
|
|a Nathan, George Jean,
|d 1882-1958.
|
| 245 |
1 |
0 |
|a Land of the pilgrims' pride /
|c [by] George Jean Nathan.
|
| 264 |
|
1 |
|a New York,
|a London :
|b A.A. Knopf,
|c 1927.
|
| 300 |
|
|
|a 4 pages ., 294 pages, 1 . ;
|c 20 cm.
|
| 336 |
|
|
|a text
|b txt
|2 rdacontent
|
| 337 |
|
|
|a unmediated
|b n
|2 rdamedia
|
| 338 |
|
|
|a volume
|b nc
|2 rdacarrier
|
| 505 |
0 |
|
|a The new morality.--The American emotion.--The motherland.--The muse in our midst.--Aspects of the contemporary scene.--No. 18.--A few notes on American criticism.--The gastronomic capital.--Show-case samples.--Delusions.
|
| 999 |
|
|
|a MARS
|
| 999 |
f |
f |
|s d2bd83b0-9fd6-3bb6-90df-9502b2a48064
|i a8608030-b893-3489-b4a7-f0801ce89f61
|t 0
|
| 952 |
f |
f |
|p ric
|a Texas A&M University
|b Rellis Campus
|c Joint Library Facility
|d Remote Storage
|t 0
|e PS3527.A72 L3 1927
|h Library of Congress classification
|i unmediated -- volume
|m A14801258970
|
| 998 |
f |
f |
|a PS3527.A72 L3 1927
|t 0
|l Remote Storage
|